000 01829nam a2200397 a 4500
999 _c61657
_d61657
003 BLK
005 20250119004139.0
008 180408b bul|||||r ||||||| ||bul||
010 _aKNG00065861000
040 _aBLK
041 _aBUL
_cBUL
080 _aИстория на България
_b94(497.2)
_z94(497.2)
080 _aПериод на кризата на феодализма, зараждане на капиталистически отношения. Възраждане на българския народ (II пол. на ХVIII в. - 1878 г.)
_b94(497.2)"1750/1878"
_z94(497.2)"1750/1878"
080 _aВоенна история - Военни походи, битки, героични подвизи. Вж и 93/99
_b355.48
_x(497.2)
_z355.48(497.2)
139 _aТринадесет века в мир и бран
_bТ 83
245 1 0 _aТринадесет века в мир и бран
_bСб. статии : В 3 т.
_cред. Борис Христов.
_nТ. 2
257 _aBGR
260 _bВоен. изд.
_c1978 - 1981
_aСофия
300 _c24 см
380 _a9
490 1 _a1300 години България
650 0 _aБългария - история
_9244493
650 4 _aБългария - военна история
_9241785
650 7 _aБългария - история, средни векове
_2
_9149610
653 _aистория
653 _aСредновековие
653 _aВъзраждане
653 _aвоенна история
653 _aБългария
700 1 _aХристов, Борис
_eред.
_9368641
760 1 _d1980
_h243 с.
_n10 130 тир.
_tТ. 2
852 _aЦб 95982
_bЦб
942 _cKNG
_n0
_s1
944 _aCR
_c13.06.2004
_k
_lCRON CRON
944 _aED
_c14.10.2015
_kКети_Илиева